[Event "Mittelfranken Landesliga Nord 2223"]
[Site "Mittelfranken"]
[Date "2022.10.09"]
[Round "1.2"]
[White "Basel, Matthias"]
[Black "Barth, Norbert"]
[Result "0-1"]
[WhiteElo "1977"]
[BlackElo "2205"]
[PlyCount "48"]
[EventDate "2022.10.09"]
[EventType "team-tourn"]
[EventRounds "9"]
[EventCountry "GER"]
[SourceTitle "EXT 2024"]
[Source "ChessBase"]
[SourceDate "2023.10.10"]
[SourceVersion "1"]
[SourceVersionDate "2023.10.10"]
[SourceQuality "1"]
[WhiteTeam "Kitzingen"]
[BlackTeam "Schwandorf"]
[WhiteTeamCountry "GER"]
[BlackTeamCountry "GER"]

1. d4 Nf6 2. Nf3 c5 3. c4 cxd4 4. Nxd4 b6 5. Nc3 Bb7 6. Bg5 d6 7. f3 Nbd7 8. Qd2 h6 9. Bh4 a6 10. e4 Rc8 11. Be2 e6 12. 0-0 Nxe4 13. Qe1 Nef6 14. f4 Be7 15. Bd3 0-0 16. Nxe6 fxe6 17. Qxe6+ Kh8 18. b4 Re8 19. Rae1 d5 20. Qf5 dxc4 21. Bc2 Nf8 22. Rd1 Qc7 23. Rd2 Rcd8 24. Re2 Bc8 0-1

[Event "GER-ch Net Amateur Gr-A Vor1"]
[Site "Playchess.com INT"]
[Date "2020.04.14"]
[Round "2"]
[White "Gantner, Ralf"]
[Black "Basel, Matthias"]
[Result "0-1"]
[WhiteElo "1639"]
[BlackElo "1909"]
[PlyCount "90"]
[EventDate "2020.04.14"]
[EventType "swiss (blitz)"]
[EventRounds "9"]
[EventCountry "GER"]
[SourceTitle "EXT 2021"]
[Source "ChessBase"]
[SourceDate "2020.10.23"]
[SourceVersion "1"]
[SourceVersionDate "2020.10.23"]
[SourceQuality "1"]

1. e4 g6 2. d4 Bg7 3. Nc3 d6 4. Bc4 c6 5. Qe2 b5 6. Bb3 e5 7. dxe5 dxe5 8. Nf3 Ne7 9. Be3 0-0 10. Rd1 Qc7 11. 0-0 Bg4 12. h3 Bxf3 13. Qxf3 Nd7 14. Rd2 Nf6 15. Rfd1 Rfd8 16. Qe2 Nh5 17. Rxd8+ Rxd8 18. Rxd8+ Qxd8 19. Qd2 Qxd2 20. Bxd2 Kf8 21. a3 a5 22. Ne2 a4 23. Ba2 Nc8 24. Nc1 Ke8 25. Nd3 f6 26. Nc5 Bf8 27. Nd3 Nd6 28. g4 Ng7 29. f3 Nb7 30. Be3 Bd6 31. Kf2 Kd7 32. Ke2 Ne6 33. c4 Nd4+ 34. Kf2 Nc2 35. Bd2 Nd4 36. Bc3 Nc5 37. Ne1 Ncb3 38. Nd3 bxc4 39. Nb4 Bxb4 40. Bxb4 c5 41. Be1 Kc6 42. Ke3 Nc2+ 43. Ke2 Nxe1 44. Kxe1 Kb5 45. Ke2 Nc1+ 0-1

[Event "Unterfranken-ch69 M2"]
[Site "Schweinfurt"]
[Date "2018.04.06"]
[Round "7"]
[White "Basel, Matthias"]
[Black "Susallek, Markus"]
[Result "1/2-1/2"]
[WhiteElo "2071"]
[BlackElo "1875"]
[PlyCount "40"]
[EventDate "2018.04.02"]
[EventType "swiss"]
[EventRounds "9"]
[EventCountry "GER"]
[SourceTitle "EXT 2019"]
[Source "ChessBase"]
[SourceDate "2018.10.10"]
[SourceVersion "1"]
[SourceVersionDate "2018.10.10"]
[SourceQuality "1"]

1. Nf3 Nf6 2. c4 g6 3. Nc3 c5 4. d4 cxd4 5. Nxd4 d5 6. Bf4 a6 7. e3 Nc6 8. cxd5 Nxd5 9. Nxc6 bxc6 10. Bc4 Be6 11. Be5 f6 12. Bg3 Qa5 13. Bxd5 cxd5 14. 0-0 Bg7 15. a3 0-0 16. b4 Qd8 17. Na4 Bf7 18. Rc1 e5 19. Nc5 f5 20. Qe2 Qd6 1/2-1/2

[Event "Regionalliga Nord-West 1718"]
[Site "Bayern"]
[Date "2018.02.25"]
[Round "7.8"]
[White "Basel, Matthias"]
[Black "Federschmidt, Ralf"]
[Result "1/2-1/2"]
[WhiteElo "1998"]
[BlackElo "1784"]
[PlyCount "72"]
[EventDate "2017.10.22"]
[EventType "team-tourn"]
[EventRounds "9"]
[EventCountry "GER"]
[SourceTitle "EXT 2022"]
[Source "ChessBase"]
[SourceDate "2021.10.06"]
[SourceVersion "1"]
[SourceVersionDate "2021.10.06"]
[SourceQuality "1"]
[WhiteTeam "Kitzingen SC"]
[BlackTeam "Bad Neustadt"]
[WhiteTeamCountry "GER"]
[BlackTeamCountry "GER"]

1. Nf3 Nf6 2. c4 e6 3. Nc3 d5 4. d4 c6 5. e3 Nbd7 6. Qc2 Be7 7. b3 b6 8. Bb2 Bb7 9. Rd1 Rc8 10. Be2 Qc7 11. 0-0 0-0 12. Qb1 Qb8 13. Bd3 h6 14. Rfe1 Bb4 15. a3 Bd6 16. h3 Rfe8 17. b4 dxc4 18. Bxc4 Rcd8 19. e4 Bc7 20. Qc2 b5 21. Ba2 a5 22. Bb1 e5 23. Ba2 a4 24. Rc1 exd4 25. Nxd4 Ne5 26. Rcd1 Bb6 27. Nf5 Rxd1 28. Rxd1 Rd8 29. Rxd8+ Qxd8 30. Bc1 Nd3 31. Be3 Bxe3 32. Nxe3 Ne5 33. Bb1 Qd4 34. Nf5 Qd7 35. Ne3 Kf8 36. Nf5 Nc4 1/2-1/2

[Event "Landesliga Nord 1617"]
[Site "Bayern"]
[Date "2016.10.16"]
[Round "1.6"]
[White "Basel, Matthias"]
[Black "Oehrlein, Thomas"]
[Result "0-1"]
[WhiteElo "1989"]
[BlackElo "2108"]
[PlyCount "44"]
[EventDate "2016.10.16"]
[EventType "team-tourn"]
[EventRounds "9"]
[EventCountry "GER"]
[SourceTitle "EXT 2019"]
[Source "ChessBase"]
[SourceDate "2018.10.10"]
[SourceVersion "1"]
[SourceVersionDate "2018.10.10"]
[SourceQuality "1"]
[WhiteTeam "Kitzingen"]
[BlackTeam "Bamberg SC"]
[WhiteTeamCountry "GER"]
[BlackTeamCountry "GER"]

1. d4 d5 2. Nf3 c6 3. c4 e6 4. Nc3 f5 5. e3 Nf6 6. Be2 Bd6 7. 0-0 Nbd7 8. Qc2 Ne4 9. b3 0-0 10. Bb2 Qf6 11. a4 Rf7 12. Ba3 Bb8 13. cxd5 Nxc3 14. Qxc3 exd5 15. b4 g5 16. Rac1 g4 17. Nd2 Bxh2+ 18. Kxh2 Qh4+ 19. Kg1 Rf6 20. Bxg4 fxg4 21. f4 Rh6 22. Rfd1 Nf6 0-1

[Event "Landesliga Nord 1516"]
[Site "Bayern"]
[Date "2016.03.13"]
[Round "8.5"]
[White "Oechslein, Rainer"]
[Black "Basel, Matthias"]
[Result "1-0"]
[WhiteElo "2156"]
[BlackElo "2006"]
[PlyCount "95"]
[EventDate "2015.10.11"]
[EventType "team-tourn"]
[EventRounds "9"]
[EventCountry "GER"]
[SourceTitle "EXT 2018"]
[Source "ChessBase"]
[SourceDate "2017.10.13"]
[SourceVersion "1"]
[SourceVersionDate "2017.10.13"]
[SourceQuality "1"]
[WhiteTeam "Schweinfurt"]
[BlackTeam "Kitzingen"]
[WhiteTeamCountry "GER"]
[BlackTeamCountry "GER"]

1. d4 g6 2. c4 Bg7 3. Nc3 d6 4. e4 Nf6 5. Be2 0-0 6. Nf3 e5 7. 0-0 Nc6 8. d5 Ne7 9. Ne1 Ne8 10. Be3 f5 11. f3 f4 12. Bf2 g5 13. c5 Kh8 14. Nd3 Ng8 15. a4 Ngf6 16. Rc1 h5 17. cxd6 cxd6 18. Nb5 g4 19. Kh1 a6 20. Na3 Rg8 21. Nc4 g3 22. Bb6 Qe7 23. Bg1 Nd7 24. Re1 Qh4 25. Bf1 Bf6 26. Re2 Be7 27. Rec2 Nef6 28. Qe1 Nh7 29. Qb4 Qf6 30. a5 Ng5 31. Ne1 Qg6 32. Qd2 gxh2 33. Bxh2 Nf7 34. Qf2 Nh6 35. Rc3 Bg5 36. R1c2 Qf6 37. g3 Nf7 38. b4 Kh7 39. Bh3 Kh6 40. Be6 fxg3 41. Bxg3 h4 42. Bh2 Rf8 43. Ne3 Bxe3 44. Qxe3+ Ng5 45. Rc7 Rd8 46. f4 exf4 47. Bxf4 Kh5 48. Bf5 1-0

[Event "Regionalliga NW 1314"]
[Site "Bayern"]
[Date "2013.11.24"]
[Round "3.4"]
[White "Basel, Matthias"]
[Black "Wilfert, Andre"]
[Result "1-0"]
[WhiteElo "2065"]
[BlackElo "1971"]
[PlyCount "95"]
[EventDate "2013.10.13"]
[EventType "team-tourn"]
[EventRounds "9"]
[EventCountry "GER"]
[SourceTitle "EXT 2015"]
[Source "ChessBase"]
[SourceDate "2014.11.20"]
[SourceVersion "1"]
[SourceVersionDate "2014.11.20"]
[SourceQuality "1"]
[WhiteTeam "Kitzingen"]
[BlackTeam "Marktleuthen"]
[WhiteTeamCountry "GER"]
[BlackTeamCountry "GER"]

1. d4 d5 2. Nf3 Nc6 3. c4 Bg4 4. e3 e5 5. Qb3 Bxf3 6. gxf3 Bb4+ 7. Bd2 Bxd2+ 8. Nxd2 Nf6 9. Qxb7 Na5 10. Qa6 Nxc4 11. Nxc4 dxc4 12. Qc6+ Nd7 13. Bh3 Rb8 14. 0-0-0 Rb6 15. Qa4 e4 16. fxe4 Rh6 17. Bf5 g6 18. Bg4 Rh4 19. h3 h5 20. Bxd7+ Qxd7 21. Qxd7+ Kxd7 22. f3 g5 23. Rdg1 Rg8 24. Kd2 Rg6 25. Kc3 g4 26. hxg4 Rxh1 27. Rxh1 hxg4 28. f4 Re6 29. e5 Rg6 30. f5 Rg5 31. e4 g3 32. Kxc4 g2 33. Rg1 Rg3 34. Kc5 Rg4 35. Kd5 c6+ 36. Kc5 Kc7 37. a4 Kd7 38. a5 Kc7 39. b4 Rg3 40. d5 cxd5 41. exd5 Rg5 42. b5 Rxf5 43. b6+ axb6+ 44. axb6+ Kd7 45. Rxg2 Rxe5 46. Rg8 Re1 47. b7 Rc1+ 48. Kd4 1-0

[Event "Landesliga Nord 1213"]
[Site "Bayern"]
[Date "2013.02.03"]
[Round "6.4"]
[White "Oechslein, Rainer"]
[Black "Basel, Matthias"]
[Result "1-0"]
[WhiteElo "2167"]
[BlackElo "2070"]
[PlyCount "43"]
[EventDate "2012.10.14"]
[EventType "team-tourn"]
[EventRounds "9"]
[EventCountry "GER"]
[SourceTitle "EXT 2015"]
[Source "ChessBase"]
[SourceDate "2014.11.20"]
[SourceVersion "1"]
[SourceVersionDate "2014.11.20"]
[SourceQuality "1"]
[WhiteTeam "Schweinfurt"]
[BlackTeam "Kitzingen"]
[WhiteTeamCountry "GER"]
[BlackTeamCountry "GER"]

1. d4 Nf6 2. Nc3 d5 3. Bg5 Ne4 4. Nxe4 dxe4 5. f3 Bf5 6. c3 Qd5 7. Bf4 c6 8. e3 e6 9. Be2 Nd7 10. fxe4 Bxe4 11. Nf3 Be7 12. 0-0 b5 13. a4 Nb6 14. axb5 cxb5 15. Nd2 g5 16. Nxe4 Qxe4 17. Bf3 Qg6 18. Bc6+ Kf8 19. Bxa8 Nxa8 20. Be5 Rg8 21. Rxa7 Qe4 22. Qh5 1-0

[Event "Landesliga Nord 1213"]
[Site "Bayern"]
[Date "2013.01.13"]
[Round "5.3"]
[White "Basel, Matthias"]
[Black "Seibold, Hubert"]
[Result "1/2-1/2"]
[WhiteElo "2070"]
[BlackElo "2081"]
[PlyCount "40"]
[EventDate "2012.10.14"]
[EventType "team-tourn"]
[EventRounds "9"]
[EventCountry "GER"]
[SourceTitle "EXT 2015"]
[Source "ChessBase"]
[SourceDate "2014.11.20"]
[SourceVersion "1"]
[SourceVersionDate "2014.11.20"]
[SourceQuality "1"]
[WhiteTeam "Kitzingen"]
[BlackTeam "Zirndorf"]
[WhiteTeamCountry "GER"]
[BlackTeamCountry "GER"]

1. d4 d5 2. Nf3 Nf6 3. c4 c6 4. e3 Bf5 5. cxd5 cxd5 6. Qb3 Qc8 7. Bd2 e6 8. Bb5+ Nfd7 9. 0-0 Bd6 10. Rc1 Nc6 11. Qa4 Ndb8 12. Ne5 0-0 13. Nxc6 Nxc6 14. f4 Qb8 15. Na3 Ne7 16. Nc2 a6 17. Be2 Rc8 18. Ne1 Nc6 19. Nd3 b5 20. Qd1 Qa7 1/2-1/2

[Event "Unterfranken-ch M1 63th"]
[Site "Schweinfurt"]
[Date "2012.04.12"]
[Round "6"]
[White "Basel, Matthias"]
[Black "Kwossek, Georg"]
[Result "1/2-1/2"]
[WhiteElo "2035"]
[BlackElo "1951"]
[PlyCount "35"]
[EventDate "2012.04.09"]
[EventType "swiss"]
[EventRounds "9"]
[EventCountry "GER"]
[SourceTitle "EXT 2015"]
[Source "ChessBase"]
[SourceDate "2014.11.20"]
[SourceVersion "1"]
[SourceVersionDate "2014.11.20"]
[SourceQuality "1"]

1. d4 Nf6 2. Nf3 g6 3. c4 Bg7 4. Nc3 0-0 5. e4 d6 6. Be2 e5 7. d5 a5 8. Nd2 Na6 9. h4 h6 10. g4 Nc5 11. f3 c6 12. Nf1 h5 13. Ng3 Kh7 14. dxc6 bxc6 15. Bg5 hxg4 16. fxg4 Rh8 17. Bf3 Kg8 18. Be3 1/2-1/2